00640nam a2200205Ia 4500003000400000008004100004020002600045040000800071100002000079245004700099260002800146300001500174365001100189901002100200902003600221903005800257942001200315952009000327999001700417LDD181029s9999 xx 000 0 und d a9780415375498c795.00 cLDD aDahlerup, Drude 0aWomen, quotas and politicscDrude Dahlerup aLondonbRoutledgec2006 axii, 312p. b795.00 a8004b07-12-2011 aIN1431b13-12-2011cFdTBBeFTF aDiscount-15bReqst by : Savita Singh  2ddccBK 00102ddc4070999844aLDDbLDDl0o320.082 W842p083179r2018-11-01w2018-11-01yBK c99845d99845